000 00334 a2200109 4500
001 ART_17924
005 20260410161655.0
008 260409a
245 1 0 _aEl alquiler de inmuebles en el IVA y las entidades exentas
100 1 _aSerra, Marcelo
773 0 _tPráctica profesional
_g- Nº 111 (feb. 2010)
_wREV542
999 _c14678
_d14678